Как читать архитектуру. Интенсивный курс по архитектурным стилям: энциклопедия; пер. с англ.

Dades bibliogràfiques
Autor principal: Крейго К. Д. Кэрол Дэвидсон
Sumari:"Как читать архитектуру" - это отличное пособие по изучению архитектуры. В этой книге вы найдете краткое описание архитектурных деталей, характерных для зданий разного стиля. Небольшая, карманного формата, но достаточно емкая по содержанию, она включает в себя: основные характеристики архитектурных стилей, от Античности до современности; квалифицированные советы, как распознавать здания в историческом контексте; наглядные примеры в виде детальных рисунков и пояснений к ним.
Idioma:rus
Publicat: Москва, РИПОЛ классик, 2011
Col·lecció:Визуальная энциклопедия
Matèries:
Format: Llibre
KOHA link:https://koha.lib.tpu.ru/cgi-bin/koha/opac-detail.pl?biblionumber=347862

MARC

LEADER 00000nam0a2200000 4500
001 347862
005 20231101035723.0
010 |a 9785386029869 
035 |a (RuTPU)RU\TPU\book\379817 
090 |a 347862 
100 |a 20220719d2011 km y0rusy50 ca 
101 1 |a rus  |c eng 
102 |a RU 
105 |a a z 001zy 
200 1 |a Как читать архитектуру. Интенсивный курс по архитектурным стилям  |e энциклопедия  |e пер. с англ.  |f К. Д. Крейго 
210 |a Москва  |c РИПОЛ классик  |d 2011 
215 |a 256 с.  |c ил. 
225 1 |a Визуальная энциклопедия 
320 |a Глоссарий: с. 246-252 
320 |a Предм. указ.: с. 253-256 
330 |a "Как читать архитектуру" - это отличное пособие по изучению архитектуры. В этой книге вы найдете краткое описание архитектурных деталей, характерных для зданий разного стиля. Небольшая, карманного формата, но достаточно емкая по содержанию, она включает в себя: основные характеристики архитектурных стилей, от Античности до современности; квалифицированные советы, как распознавать здания в историческом контексте; наглядные примеры в виде детальных рисунков и пояснений к ним. 
606 1 |a Архитектура  |x История  |2 stltpush  |3 (RuTPU)RU\TPU\subj\77521 
610 1 |a история 
610 1 |a архитектурные стили 
610 1 |a архитектурные особенности 
610 1 |a материалы 
610 1 |a колонны 
610 1 |a арки 
610 1 |a крыши 
610 1 |a фонтаны 
610 1 |a своды 
610 1 |a купола 
610 1 |a башни 
610 1 |a портики 
610 1 |a двери 
610 1 |a окна 
610 1 |a лестницы 
610 1 |a камины 
610 1 |a трубы 
610 1 |a орнамент 
610 1 |a здания 
610 1 |a энциклопедии 
675 |a 72.03(03)  |v 4 
700 1 |a Крейго  |b К. Д.  |g Кэрол Дэвидсон 
801 1 |a RU  |b 63413507  |c 20220719 
801 2 |a RU  |b 63413507  |c 20220930  |g RCR 
942 |c BK